| 000 | 00379nam a22001457a 4500 | ||
|---|---|---|---|
| 020 | _a969-35-0510-7 | ||
| 040 | _cNUST | ||
| 082 | _a891.4393,BAN | ||
| 100 | _aBano, Qudsia | ||
| 245 |
_aMom Ki Galiyan / موم کی گلیاں (Urdu) / _cBano Qudsia |
||
| 260 |
_aLahore _bSang-e-Meel _c2010 |
||
| 300 | _a90 p.; | ||
| 650 | _aUrdu Literature | ||
| 942 |
_2ddc _cBK _k891.4393,BAN |
||
| 999 |
_c593706 _d593706 |
||